European Airports - Statistics

General Stats
  • This quiz has been taken 131 times
    46 since last reset
  • The average score is 26 of 35
Answer Stats
Airport City served % Correct
Charles de Gaulle Airport Paris
98%
Atatürk Airport Istanbul
95%
Heathrow Airport London
95%
Malpensa Airport Milan
95%
Leonardo da Vinci–Fiumicino Airport Rome
95%
Schiphol Amsterdam
93%
Barajas Airport Madrid
93%
Chopin Airport Warsaw
93%
El Prat Airport Barcelona
90%
Côte d'Azur Airport Nice
90%
Arlanda Airport Stockholm
90%
Schönefeld Airport Berlin
83%
Ferenc Liszt International Airport Budapest
83%
Gardermoen Oslo
83%
Saint-Exupéry Airport Lyon
81%
Domodedovo International Airport Moscow
81%
Marco Polo Airport Venice
81%
Provence Airport Marseille
79%
John Paul II International Airport Kraków
76%
John Lennon Airport Liverpool
76%
Keflavík International Airport Reykjavík
76%
Nikola Tesla Airport Belgrade
71%
Václav Havel Airport Prague
69%
Falcone–Borsellino Airport Palermo
67%
Henri Coandă International Airport Bucharest
64%
Boryspil International Airport Kyiv
64%
Mérignac Airport Bordeaux
55%
Pulkovo Airport Saint Petersburg
55%
Lech Wałęsa Airport Gdańsk
50%
Galileo Galilei Airport Pisa
50%
Blagnac Airport Toulouse
43%
Guglielmo Marconi Airport Bologna
40%
Landvetter Airport Gothenburg
38%
San Pablo Airport Seville
38%
Flesland Bergen
31%
No matching quizzes found
Score Distribution
Percent of People with Each Score
Percentile by Number Answered
Your Score History
You have not taken this quiz since the last reset